000 00477cam a22001697a 4500
008 180718b1997 xxu||||| |||| 00| 0 eng d
082 _aL2x54 C392
100 _aChatterjee, Biswadeb
245 _aTax performance in Indian states: a comparative study
_cby Biswadeb Chatterjee
260 _aDelhi
_bMittal
_c1997
300 _a319p.
650 _aSales tax
650 _aProperty tax
650 _aBusiness tax
650 _aIncome tax - India
650 _aTaxation - India
999 _c385163
_d385163